• 首页
  • 本馆介绍
  • 公告通知
  • 最新文献
  • 馆藏检索
  • 电子资源
  • 读者导购
  • 参考咨询
  • 我的图书馆
  • 登录
  • 详细信息显示
  • 放入我的书架
  • 预约/预借图书
  • 作者相关作品
  • 分类相关作品
  • 丛书相关作品
  • 出版社相关作品

书目信息

  • 表格格式
  • 工作单格式
  • 卡片格式
书名: Physics can be fun
作者:
分册号:
分册名:
出版地: Moscow :
 
出版社: Mir Pub
出版时间: 1986.
页数: 430 p. :
开本: 22 cm. :
丛书名:
中图分类号:
科图分类号:
其他分类号: N49
主题词:
电子资源:
000 00560nam 2200205 a 4500
001 E0753119495
005 20070227144621.39
008 001 0 eng
008 uu
040    @aNLC
049    @aN5LA
090    @a2-88/O4/P43//////////////785439
090    @aN49
096    @aO4 @v2
099    @dN49@ex12
100 1  @aPerelman, Y.
245 10 @aPhysics can be fun
260    @aMoscow :@bMir Pub.,@c1986.
300    @a430 p. :@bill. (some col.) ;@c22 cm. :@b00 ;@c20020930@lNLC09@h2245@lNLC09@h2248@lNLC09@h1839
852 9  @bWWJC @cJ08N @k2-88 @hO4 @iP43
    
    Physics can be fun.-Moscow : : Mir Pub., , 1986.
    430 p. : : ill. (some col.) ; ; 22 cm. : : 00 ; ; 20020930
    
    
    ISBN
    
●
相关链接 在E读中查询图书 在五车中查询图书 在当当中查询图书 在豆瓣中查询图书


正题名:Physics can be fun     索取号:N49/x12         预约/预借

序号 登录号 条形码 馆藏地/架位号 状态 备注
1 182749   000455992   第四借阅区/ [索取号:N49/x12] 在馆    
2 182750   000456009   第二样本阅览室/ [索取号:N49/x12] 在馆    
3 182751   000455965   第四借阅区/ [索取号:N49/x12] 在馆    
唐山师范学院图书馆 欢迎您!
大连网信软件有限公司© 版权所有